Zgadnij stolice po krajach (europa) - Statystyki

Ogólne statystyki
  • Ten quiz został rozwiązany 167 razy
  • Średni wynik to 19 z 24
Statystyki odpowiedzi
Obrazkowy Odpowiedź % Poprawnych
Londyn
100%
Paryż
99%
Rzym
97%
Berlin
96%
Madryt
96%
Warszawa
95%
Kijów
91%
Moskwa
91%
Ateny
89%
Lizbona
86%
Amsterdam
85%
Praga
83%
Oslo
80%
Sztokholm
77%
Kopenhaga
76%
Wiedeń
75%
Wilno
75%
Mińsk
74%
Helsinki
67%
Bratysława
65%
Budapeszt
65%
Dublin
65%
Bukareszt
60%
Ankara
56%
Nie znaleziono quizów pasujących do podanych kryteriów
Rozkład punktacji
Procent ludzi z każdym wynikiem
Percentyl według liczby udzielonych odpowiedzi
Twoja historia wyników
Nie rozwiązałeś tego quizu